| 000 | 01132cam a2200361 a 4500 | ||
|---|---|---|---|
| 001 | 452873 | ||
| 003 | NUST - PNEC | ||
| 005 | 20170116181117.0 | ||
| 008 | 860319r1985 nyua 001 0 eng | ||
| 010 | _a 85005483 | ||
| 020 |
_a0517558505 : _c$22.95 |
||
| 020 |
_a0517558513 (pbk.) : _c$12.95 |
||
| 035 | _a(OCoLC)11867249 | ||
| 035 | _a(OCoLC)ocm11867249 | ||
| 035 | _a(CStRLIN)NYCG86-B28748 | ||
| 035 | _a(NNC)452873 | ||
| 040 |
_dCStRLIN _cLIBRARY |
||
| 050 | 0 |
_aUF500 _b.A38 1985 |
|
| 082 | 0 |
_a623 FRI _219 |
|
| 090 |
_aUF500 _b.A38 1985 |
||
| 245 | 0 | 0 |
_aAdvanced technology warfare : _ba detailed study of the latest weapons and techniques for warfare today and into the 21st century / _cby Richard S. Friedman. |
| 250 | _a1st American ed. | ||
| 260 |
_aNew York : _bHarmony Books, _cc1985. |
||
| 300 |
_a208 p. : _bcol. ill. ; _c31 cm. |
||
| 500 | _a"A Salamander book"--T.p. verso. | ||
| 500 | _aIncludes index. | ||
| 650 | 0 |
_aWeapons systems. _xME |
|
| 650 | 0 | _aCommand and control systems. | |
| 650 | 0 | _aMilitary weapons. | |
| 700 | 1 | _aFriedman, Richard S. | |
| 942 |
_2ddc _cBK |
||
| 999 |
_c69410 _d69410 |
||